| 000 | 00436cam a2200145ua 4500 | ||
|---|---|---|---|
| 041 |
_aeng _h |
||
| 082 |
_a823.09 _bGRI/BC |
||
| 100 | _aGrieson, Herbert . | ||
| 245 |
_aBack ground of Englisn litreature classical to romantic and ather collected essays & address / _cHerbert, Grieson. _hTextual Documents |
||
| 260 |
_aLondon : _bChatto and Windus , _c1962. |
||
| 300 | _a290 ; . | ||
| 504 | _a | ||
| 942 | _cBK | ||
| 999 |
_c12299 _d12299 |
||